| 000 | 00805cam a2200241 a 4500 | ||
|---|---|---|---|
| 001 | 1108208 | ||
| 005 | 20231120022954.0 | ||
| 008 | 930923s1994 enk b 001 0 eng | ||
| 020 | _a0415089883 (hbk : acidfree paper) | ||
| 020 | _a0415089891 (pbk : acidfree paper) | ||
| 040 |
_aDLC _cDLC _dDLC |
||
| 082 | 0 | 0 |
_a121/.082 _220 |
| 245 | 0 | 0 |
_aKnowing the difference : _bfeminist perspectives in epistemology / _cedited by Kathleen Lennon and Margaret Whitford. |
| 260 |
_aLondon ; _aNew York : _bRoutledge, _c1994. |
||
| 300 | _axiii, 300 p. ; | ||
| 650 | 0 | _aObjectivity. | |
| 650 | 0 | _aFeminist theory. | |
| 650 | 0 | _aKnowledge, Theory of. | |
| 700 | 1 |
_aLennon, Kathleen. _eedt |
|
| 700 | 1 |
_aWhitford, Margaret. _eedt |
|
| 856 | 4 | 2 | _uhttp://www.loc.gov/catdir/enhancements/fy0648/93037965-d.html |
| 942 | _cL | ||
| 999 |
_c39 _d39 |
||